| 000 | 00408nam a2200145Ia 4500 | ||
|---|---|---|---|
| 008 | 151015s9999 xx 000 0 und d | ||
| 020 | _a130170852 | ||
| 050 | _aQA76.9 .C65 D33 2000 | ||
| 245 | _aDabney, James B. | ||
| 250 | _a_Mastering Simulink 4 James B. Dabney | ||
| 300 | _aNew Jersey Prentice hall 2000 | ||
| 500 | _aIncludes index. | ||
| 650 | _a_Simulink | ||
| 700 | _a^d20130524 01:46:58^oanne | ||
| 999 |
_c4781 _d4781 |
||